Antología crítica de la poesía colombiana (1874-1974) / (Registro nro. 3432)

Detalles MARC
000 -LEADER
fixed length control field 00711nam a2200205Ia 4500
003 - CONTROL NUMBER IDENTIFIER
control field OSt
005 - DATE AND TIME OF LATEST TRANSACTION
control field 20250701160653.0
008 - FIXED-LENGTH DATA ELEMENTS--GENERAL INFORMATION
fixed length control field 191128q1981 ck o er 000 p spa d
040 ## - CATALOGING SOURCE
Original cataloging agency CO-JMCR
Transcribing agency CO-JMCR
041 ## - LANGUAGE CODE
Language code of text/sound track or separate title spa
082 04 - DEWEY DECIMAL CLASSIFICATION NUMBER
Classification number A-P
Item number HOLa
100 1# - MAIN ENTRY--PERSONAL NAME
Personal name Holguín, Andrés,
Relator term autor
9 (RLIN) 9187
245 10 - TITLE STATEMENT
Title Antología crítica de la poesía colombiana (1874-1974) /
Statement of responsibility, etc. Andrés Holguín
260 ## - PUBLICATION, DISTRIBUTION, ETC.
Place of publication, distribution, etc. Bogotá :
Name of publisher, distributor, etc. Biblioteca del Centenario del Banco de Colombia,
Date of publication, distribution, etc. [1981].
300 ## - PHYSICAL DESCRIPTION
Extent 2 volúmenes ;
Dimensions 21 cm.
505 1# - FORMATTED CONTENTS NOTE
Miscellaneous information v.2.
Title Antología crítica de la poesía colombiana (1874-1974). --
650 14 - SUBJECT ADDED ENTRY--TOPICAL TERM
Topical term or geographic name entry element Poesía colombiana
9 (RLIN) 9188
650 24 - SUBJECT ADDED ENTRY--TOPICAL TERM
Topical term or geographic name entry element Poesía colombiana
General subdivision Historia y crítica
9 (RLIN) 40447
942 ## - ADDED ENTRY ELEMENTS (KOHA)
Source of classification or shelving scheme Dewey Decimal Classification
Koha item type Books
Existencias
Withdrawn status Lost status Source of classification or shelving scheme Damaged status Not for loan Home library Current library Date acquired Source of acquisition Total Checkouts Full call number Barcode Date last seen Date last checked out Copy number Koha item type
    Dewey Decimal Classification     Biblioteca Pública José María del Castillo y Rada Biblioteca Pública José María del Castillo y Rada 11/28/2019 Donación 2 A-P HOLa 201811172 09/25/2025 09/25/2025 v.2 Ej.1 Books